000 00912nam a2200289 4500
003 OSt
005 20260601193906.0
008 260520b2024 sp a|||| |||| 00| 0 spa d
020 _a9788412215540
040 _aICI
_bspa
_cICI
041 _aspa
050 _aNK2715
_bM63 2024
100 _eautor
245 _aMoble :
_bterritori, tradició i nova artesania
264 _aBarcelona :
_bAjuntament de Barcelona
_c2024
300 _a231 páginas :
_bilustraciones
336 _2rdacontent
_atexto
337 _2rdamedia
_asin medio
338 _2rdacarrier
_avolumen
500 _aObra sobre mobiliario, territorio, tradición artesanal y nuevas prácticas de diseño contemporáneo.
650 _aMuebles
_xDiseño
_913223
650 _aArtesanía contemporánea
_934560
650 _aDiseño de mobiliario
650 _aDiseño industrial
650 _aArtes decorativas modernas
942 _2lcc
_n1
_cB
999 _c22416
_d22416